Fundamentals Of Software Engineering (Record no. 2807)

MARC details
000 -LEADER
fixed length control field 00376nam a2200157Ia 4500
008 - FIXED-LENGTH DATA ELEMENTS--GENERAL INFORMATION
fixed length control field 221030s9999 xx 000 0 und d
020 ## - INTERNATIONAL STANDARD BOOK NUMBER
ISBN 8120324455
041 ## - LANGUAGE CODE
Language code of text/sound track or separate title
082 ## - DEWEY DECIMAL CLASSIFICATION NUMBER
Classification number 105.23
Item number Raj
100 ## - MAIN ENTRY--AUTHOR NAME
Personal name R. Mall
245 #0 - TITLE STATEMENT
Title Fundamentals Of Software Engineering
Statement of responsibility, etc by R. Mall
260 ## - PUBLICATION, DISTRIBUTION, ETC. (IMPRINT)
Name of publisher PHI
Place of publication New Delhi
Year of publication 2006
300 ## - PHYSICAL DESCRIPTION
Number of Pages 336
650 ## - SUBJECT ADDED ENTRY--TOPICAL TERM
Topical Term Computers
942 ## - ADDED ENTRY ELEMENTS (KOHA)
Koha item type Books
Holdings
Accession Number Cost, normal purchase price Full call number Price effective from Koha item type Withdrawn / writtenoff status Materials specified (bound volume or other part) Damaged status Not for loan Permanent Location Current Location Shelving location Date acquired Lost/ Missing status department
M 1079 195.00 105.23 Raj 10/30/2022 Books   Print     MIET Library, Jammu MIET Library, Jammu BL-Second, FL-1, CUP-96, SH-2, R-2 09/12/2006   MCA
M 1080 195.00 105.23 Raj 10/30/2022 Books   Print     MIET Library, Jammu MIET Library, Jammu BL-Academic Block- B, FL-1, CUP-98, SH-2, R-2 09/12/2006   MCA
M 1081 195.00 105.23 Raj 10/30/2022 Books   Print     MIET Library, Jammu MIET Library, Jammu BL-Academic Block- B, FL-1, CUP-98, SH-2, R-2 09/12/2006   MCA